01001cam a2200289 a 45000010008000000030004000080050017000120080041000290100017000700200027000870200027001140400018001410410013001590430012001720500024001840820021002081000026002292450151002552600032004063000041004385000050004795000036005296000043005656500058006087000019006667000026006854346454OSt20170127091302.0890316s1989 nyua 000 0 eng  a 89045433  a0847811514 (hardbound) a0847811263 (softbound) aDLCcDLCdDLC1 aenghger ae-gw---00aNA1088.K48bA4 198900a727/.6/000922201 aKleihues, Josef Paul.14aThe museum projects /cJosef P. Kleihues ; edited by Kim Shkapich ; [translated from the German by Thomas Rainer Fischer and Christina Rathgeber]. aNew York :bRizzoli,c1989. a160 p. :bill. (some col.) ;c27 cm. aDialogue: Claus Baldus and Josef P. Kleihues. aPortions in German and English.10aKleihues, Josef PaulxThemes, motives. 0aMuseum architecturezGermany (West)xThemes, motives.1 aShkapich, Kim.1 aBaldus, Claus,d1947-